000
00337nam a2200145Ia 4500
100
_a
Wheeler/ G.
650
_a
General
942
_c
BK
654
_a
Int. Painting and wallpapering
245
_a
Interior Painting & Wallpapering
260
_b
Reston Publishing
_a
Verginia
_c
1974
082
_a
698
300
_a
171
546
_a
ENGLISH
999
_c
30856
_d
30856